Стабильность характеристик сенсоров водорода на основе тонких пленок Pt/Pd/SnO[2]: Sb, Y; Перспективы развития фундаментальных наук; Т. 1 : Физика
| Parent link: | Перспективы развития фундаментальных наук=Prospects of Fundamental Sciences Development: сборник научных трудов XV Международной конференции студентов, аспирантов и молодых ученых, г. Томск, 24-27 апреля 2018 г./ Национальный исследовательский Томский политехнический университет (ТПУ) ; под ред. И. А. Курзиной, Г. А. Вороновой.— , 2018 Т. 1 : Физика.— 2018.— [С. 165-167] |
|---|---|
| Huvudupphovsman: | |
| Institutionell upphovsman: | |
| Övriga upphovsmän: | |
| Sammanfattning: | Заглавие с экрана This report presents the results of studies of the characteristics of hydrogen sensors based on thin Pt/Pd/SnO2: Sb, Y films. Measurements were made of the concentration dependence of the response and drift of the characteristics of these same sensors. |
| Språk: | ryska |
| Publicerad: |
2018
|
| Ämnen: | |
| Länkar: | http://earchive.tpu.ru/handle/11683/50970 |
| Materialtyp: | Elektronisk Bokavsnitt |
| KOHA link: | https://koha.lib.tpu.ru/cgi-bin/koha/opac-detail.pl?biblionumber=627407 |
MARC
| LEADER | 00000naa2a2200000 4500 | ||
|---|---|---|---|
| 001 | 627407 | ||
| 005 | 20231101133447.0 | ||
| 035 | |a (RuTPU)RU\TPU\conf\27217 | ||
| 035 | |a RU\TPU\conf\27210 | ||
| 090 | |a 627407 | ||
| 100 | |a 20180905d2018 k y0rusy50 ca | ||
| 101 | 0 | |a rus |d eng | |
| 102 | |a RU | ||
| 105 | |a y z 100zy | ||
| 135 | |a drgn ---uucaa | ||
| 181 | 0 | |a i | |
| 182 | 0 | |a b | |
| 200 | 1 | |a Стабильность характеристик сенсоров водорода на основе тонких пленок Pt/Pd/SnO[2]: Sb, Y |d Stability of characteristics of hydrogen sensors based on thin films Pt/Pd/SnO2: Sb, Y |f С. В. Ким |g науч. рук. А. В. Алмаев | |
| 203 | |a Текст |c электронный | ||
| 230 | |a 1 компьютерный файл (pdf; 269 Kb) | ||
| 300 | |a Заглавие с экрана | ||
| 320 | |a [Библиогр.: с. 167 (1 назв.)] | ||
| 330 | |a This report presents the results of studies of the characteristics of hydrogen sensors based on thin Pt/Pd/SnO2: Sb, Y films. Measurements were made of the concentration dependence of the response and drift of the characteristics of these same sensors. | ||
| 461 | 1 | |0 (RuTPU)RU\TPU\conf\26928 |t Перспективы развития фундаментальных наук |l Prospects of Fundamental Sciences Development |o сборник научных трудов XV Международной конференции студентов, аспирантов и молодых ученых, г. Томск, 24-27 апреля 2018 г. |o в 7 т. |f Национальный исследовательский Томский политехнический университет (ТПУ) ; под ред. И. А. Курзиной, Г. А. Вороновой |d 2018 | |
| 463 | 1 | |0 (RuTPU)RU\TPU\conf\26929 |t Т. 1 : Физика |v [С. 165-167] |d 2018 | |
| 510 | 1 | |a Stability of characteristics of hydrogen sensors based on thin films Pt/Pd/SnO2: Sb, Y |z eng | |
| 610 | 1 | |a электронный ресурс | |
| 610 | 1 | |a стабильность | |
| 610 | 1 | |a сенсоры | |
| 610 | 1 | |a водород | |
| 610 | 1 | |a тонкие пленки | |
| 610 | 1 | |a датчики | |
| 610 | 1 | |a газы | |
| 610 | 1 | |a полупроводники | |
| 700 | 1 | |a Ким |b С. В. | |
| 702 | 1 | |a Алмаев |b А. В. |4 727 | |
| 712 | 0 | 2 | |a Национальный исследовательский Томский государственный университет (ТГУ) |c (2009- ) |2 stltpush |3 (RuTPU)RU\TPU\col\17230 |
| 801 | 2 | |a RU |b 63413507 |c 20181004 |g RCR | |
| 856 | 4 | |u http://earchive.tpu.ru/handle/11683/50970 | |
| 942 | |c BK | ||